UBT Library

The Making of the West : (Record no. 40180)

000 -LEADER
fixed length control field 01107cam a2200301 i 4500
001 - CONTROL NUMBER
control field 19258500
005 - DATE AND TIME OF LATEST TRANSACTION
control field 20180112042511.0
008 - FIXED-LENGTH DATA ELEMENTS--GENERAL INFORMATION
fixed length control field 160901s2016 mauab b 001 0 eng
010 ## - LIBRARY OF CONGRESS CONTROL NUMBER
LC control number 2016429791
020 ## - INTERNATIONAL STANDARD BOOK NUMBER
International Standard Book Number 9781457681431 (combined edtion)
020 ## - INTERNATIONAL STANDARD BOOK NUMBER
International Standard Book Number 9781457681523 (vol. 1)
020 ## - INTERNATIONAL STANDARD BOOK NUMBER
International Standard Book Number 9781457681530 (vol. 2)
020 ## - INTERNATIONAL STANDARD BOOK NUMBER
International Standard Book Number 9781319027520 (combined looseleaf edtion)
020 ## - INTERNATIONAL STANDARD BOOK NUMBER
International Standard Book Number 9781457681523 (looseleaf, vol. 1)
020 ## - INTERNATIONAL STANDARD BOOK NUMBER
International Standard Book Number 9781457681530 (looseleaf, vol. 2)
040 ## - CATALOGING SOURCE
Original cataloging agency DLC
Language of cataloging eng
Description conventions rda
Transcribing agency DLC
Modifying agency DLC
041 ## - LANGUAGE CODE
Language code of text/sound track or separate title eng
042 ## - AUTHENTICATION CODE
Authentication code pcc
080 ## - UNIVERSAL DECIMAL CLASSIFICATION NUMBER
Universal Decimal Classification number 909.09821 LYN
082 00 - DEWEY DECIMAL CLASSIFICATION NUMBER
Classification number 909.09821 LYN
Edition number 23
100 1# - Rafti
Rafti 16
101 ## - Shkurtesa
Shkurtesa HIS
245 14 - TITLE STATEMENT
Title The Making of the West :
Statement of responsibility, etc Lynn Hunt, University of California, Los Angeles; Thomas R. Martin, College of the Holy Cross; Barbara H. Rosenwein, Loyola University Chicago; Bonnie G. Smith, Rutgers University.
504 ## - BIBLIOGRAPHY, ETC. NOTE
Bibliography, etc Includes bibliographical references and index.
906 ## - LOCAL DATA ELEMENT F, LDF (RLIN)
a 7
b cbc
c orignew
d 2
e ncip
f 20
g y-gencatlg
942 ## - ADDED ENTRY ELEMENTS (KOHA)
Source of classification or shelving scheme
Item type Books
Holdings
Withdrawn status Lost status Source of classification or shelving scheme Damaged status Not for loan Permanent location Current location Date acquired Total Checkouts Full call number Barcode Date last seen Price effective from Koha item type
          UBT - Lipjan UBT - Lipjan 01/12/2018   909.09821 LYN 002-2994942 01/12/2018 01/12/2018 Books
UBT Library © 2015-2024. All rights reserved University Education for Business and Technology